000 01026nam a2200277 a 4500
001 24411
003 BD-RjUL
005 20211209001040.0
008 140313s1967 enkcfb b 001 0deng d
035 _a(BD-RjUL)24477
040 _aDLC
_cINT
_dm.c
_dBD-RjUL
_beng
041 1 _aeng
_hger
082 _a940.34
_bFIG
100 1 _aFischer, Fritz,
_d1908-1999.
_975158
245 1 0 _aGermany's aims in the First World War /
_cby Fritz Fischer ; with an introduction by James Joll.
260 _aLondon :
_bChatto & Windus,
_c1967.
300 _axx, 652 p., 24 plates :
_bill. ; ;
_c23 cm.
500 _aTranslated from the German. Originally published as 'Griff nach der Weltmacht.' 3rd ed., Dusseldorf, Droste, 1961.
504 _aIncludes bibliography (p. 639-644) and index.
650 0 _aWorld War, 1914-1918
_xCauses.
_972532
650 0 _aWorld War, 1914-1918
_zGermany.
_975159
651 0 _aGermany
_xForeign relations
_y1888-1918.
_975160
942 _2ddc
_cBK
999 _c24411
_d24411